000 00946cam a2200253 4500
001 000018245
005 20200929165422.0
008 701124s1970 xxc 001 0beng
020 _a0802052398
040 _aDO-SdBNP
_cspa
_dBNPHU
100 1 _aDoucette, Leonard E.
_939517
245 0 0 _aEmery Bigot; seventeenth-century French humanist.
260 _aToronto :
_bUniversity of Toronto Press,
_c1970.
300 _a204 p. ;
_c24 cm.
490 1 _aUniversity of Toronto romance
500 _aIncluye referencias bibliográficas y notas al pie de las páginas.
500 _aIncluye índice
504 _aBibliografía: p. [177]-194.
600 1 0 _aBigot, Emery,
_d1626-1689.
_939518
650 0 _aLatin philology
_xStudy and teaching
_zFrance
_xHistory
_y17th century.
_939519
651 0 _aFrance
_xIntellectual Life
_y17th century.
_939520
650 0 _aHumanists
_zFrance
_xBiography.
_939521
830 0 _aUniversity of Toronto romance
_939522
999 _c17766
_d17766